[Event "GER-ch 95th"]
[Site "Ostfildern"]
[Date "2024.08.25"]
[Round "9"]
[White "Stricker, Florian"]
[Black "Dobierzin, Olaf"]
[Result "0-1"]
[WhiteElo "2156"]
[BlackElo "1888"]
[PlyCount "118"]
[EventDate "2024.08.19"]
[EventType "swiss"]
[EventRounds "9"]
[EventCountry "GER"]
[SourceTitle "CB35_2024"]
[SourceDate "2024.08.28"]
[SourceVersion "1"]
[SourceVersionDate "2024.08.28"]
[SourceQuality "1"]

1. e4 c5 2. Nc3 Nc6 3. Bb5 Nd4 4. Nf3 Nxb5 5. Nxb5 d6 6. d4 Qa5+ 7. Nc3 cxd4 8. Qxd4 Nf6 9. Bd2 e5 10. Qd3 Qd8 11. 0-0 Be7 12. Rad1 h6 13. Bc1 0-0 14. Nd2 Bg4 15. f3 Be6 16. Nc4 Bxc4 17. Qxc4 Rc8 18. Qb3 Qd7 19. Rd3 a6 20. Rfd1 Qc6 21. a4 b5 22. a5 Qc7 23. Be3 Qxa5 24. Ne2 Rfd8 25. Ng3 Rc6 26. Nf5 Bf8 27. f4 Ng4 28. fxe5 Nxe5 29. Bd4 Nxd3 30. Qxd3 d5 31. c3 dxe4 32. Qxe4 Re6 33. Qf3 Rg6 34. Rf1 Qc7 35. b4 Rd7 36. h4 Qb7 37. Qf2 Qe4 38. Re1 Qa8 39. Re2 Re6 40. Rd2 Qd8 41. Rd3 g6 42. Rg3 Kh7 43. h5 Qe8 44. Qf4 Re4 45. Qf3 Qe6 46. Ne3 Bd6 47. Ng4 Re1+ 48. Kh2 Bxg3+ 49. Qxg3 Rxd4 50. cxd4 Re4 51. Nf2 Rxd4 52. hxg6+ fxg6 53. Qf3 Kg7 54. Nh3 Qd6+ 55. Kh1 Rd1+ 56. Ng1 Rd5 57. Nh3 Rf5 58. Qb7+ Rf7 59. Qe4 Re7 0-1

[Event "GER-ch 95th"]
[Site "Ostfildern"]
[Date "2024.08.23"]
[Round "7"]
[White "Knuedel, Torben"]
[Black "Dobierzin, Olaf"]
[Result "1-0"]
[WhiteElo "2336"]
[BlackElo "1888"]
[PlyCount "45"]
[EventDate "2024.08.19"]
[EventType "swiss"]
[EventRounds "9"]
[EventCountry "GER"]
[SourceTitle "CB35_2024"]
[SourceDate "2024.08.28"]
[SourceVersion "1"]
[SourceVersionDate "2024.08.28"]
[SourceQuality "1"]

1. e4 c5 2. Nc3 d6 3. f4 Nc6 4. Nf3 g6 5. Bc4 e6 6. d4 cxd4 7. Nxd4 Bg7 8. Ndb5 Ke7 9. Be3 a6 10. Nd4 Nf6 11. e5 dxe5 12. Nxc6+ bxc6 13. fxe5 Qxd1+ 14. Rxd1 Nd7 15. Bg5+ f6 16. exf6+ Bxf6 17. Ne4 Bxg5 18. Nxg5 Ne5 19. Bb3 c5 20. 0-0 c4 21. Ba4 Bb7 22. Nf7 Nf3+ 23. gxf3 1-0

[Event "IBCA EU-ch blind"]
[Site "Ploiesti"]
[Date "2024.06.18"]
[Round "3"]
[White "Dobierzin, Olaf"]
[Black "Pehlivan, Meric"]
[Result "0-1"]
[WhiteElo "1910"]
[BlackElo "1663"]
[PlyCount "50"]
[EventDate "2024.06.16"]
[EventType "swiss"]
[EventRounds "9"]
[EventCountry "ROU"]
[SourceTitle "CB26_2024"]
[SourceDate "2024.06.26"]
[SourceVersion "1"]
[SourceVersionDate "2024.06.26"]
[SourceQuality "1"]

1. e4 c5 2. Nf3 d6 3. d4 cxd4 4. Nxd4 Nf6 5. Nc3 a6 6. g3 e5 7. Nde2 Be7 8. Bg2 0-0 9. 0-0 Nbd7 10. h3 b5 11. a4 b4 12. Nd5 Nxd5 13. exd5 a5 14. c4 bxc3 15. Nxc3 Ba6 16. Re1 Nc5 17. Be3 Rc8 18. Bf1 Bxf1 19. Rxf1 f5 20. f4 g6 21. fxe5 dxe5 22. Nb5 Ne4 23. Na7 Bc5 24. Bxc5 Rxc5 25. Nc6 Qb6 0-1

[Event "IBCA EU-ch blind"]
[Site "Ploiesti"]
[Date "2024.06.16"]
[Round "1"]
[White "Dobierzin, Olaf"]
[Black "Berisha, Xhafer"]
[Result "1-0"]
[WhiteElo "1910"]
[BlackElo "1683"]
[PlyCount "61"]
[EventDate "2024.06.16"]
[EventType "swiss"]
[EventRounds "9"]
[EventCountry "ROU"]
[SourceTitle "CB26_2024"]
[SourceDate "2024.06.26"]
[SourceVersion "1"]
[SourceVersionDate "2024.06.26"]
[SourceQuality "1"]

1. e4 d5 2. exd5 Qxd5 3. Nc3 Qa5 4. d4 c6 5. Nf3 Nf6 6. Bc4 Bg4 7. h3 Bh5 8. 0-0 e6 9. g4 Bg6 10. Ne5 Nbd7 11. Qe2 Nxe5 12. dxe5 Nd5 13. Nxd5 exd5 14. Bb3 Be4 15. c4 Qd8 16. f3 Bc5+ 17. Kg2 Bg6 18. cxd5 0-0 19. f4 f5 20. dxc6+ Kh8 21. cxb7 Rb8 22. g5 Qc7 23. Bd5 Be8 24. Be3 Bxe3 25. Qxe3 Qc2+ 26. Rf2 Qa4 27. Rc1 Bb5 28. Rc3 Ba6 29. Qc5 Bxb7 30. Bxb7 Rxb7 31. Qxf8# 1-0

[Event "IBCA EU-chT blind 03rd"]
[Site "Genova"]
[Date "2023.04.22"]
[Round "3.3"]
[White "Alon, Levi"]
[Black "Dobierzin, Olaf"]
[Result "0-1"]
[WhiteElo "1668"]
[BlackElo "1935"]
[PlyCount "38"]
[EventDate "2023.04.20"]
[EventType "team-swiss"]
[EventRounds "9"]
[EventCountry "ITA"]
[SourceTitle "CBM 213 Extra"]
[Source "ChessBase"]
[SourceDate "2023.05.31"]
[SourceVersion "1"]
[SourceVersionDate "2023.05.31"]
[SourceQuality "1"]
[WhiteTeam "Israel"]
[BlackTeam "Germany"]
[WhiteTeamCountry "ISR"]
[BlackTeamCountry "GER"]

1. Nf3 c5 2. g3 Nc6 3. Bg2 g6 4. 0-0 Bg7 5. d3 d5 6. Nbd2 e6 7. e4 Nge7 8. c3 0-0 9. Re1 b6 10. Qc2 Bb7 11. Nf1 Qd7 12. Bg5 h6 13. Bxe7 Nxe7 14. Rad1 Rac8 15. h4 d4 16. N1h2 e5 17. c4 Rce8 18. Ng4 Qxg4 19. Kh2 Qe6 0-1

[Event "Bad Woerishofen op 38th"]
[Site "Bad Woerishofen"]
[Date "2023.03.04"]
[Round "2"]
[White "Dobierzin, Olaf"]
[Black "De Santis, Alessio"]
[Result "1/2-1/2"]
[WhiteElo "1930"]
[BlackElo "2130"]
[PlyCount "36"]
[EventDate "2023.03.03"]
[EventType "swiss"]
[EventRounds "9"]
[EventCountry "GER"]
[SourceTitle "CBM 213 Extra"]
[Source "ChessBase"]
[SourceDate "2023.05.31"]
[SourceVersion "1"]
[SourceVersionDate "2023.05.31"]
[SourceQuality "1"]

1. e4 b6 2. d4 Bb7 3. Bd3 Nf6 4. Qe2 Nc6 5. c3 e5 6. Nf3 d6 7. 0-0 Be7 8. d5 Nb8 9. c4 0-0 10. Nc3 Bc8 11. Be3 Bg4 12. h3 Bh5 13. b4 Nbd7 14. Rfc1 a5 15. a3 h6 16. Qd1 Nh7 17. Be2 Bg6 18. Nd2 Bg5 1/2-1/2

[Event "Oberliga Ost-A 2122"]
[Site "Germany"]
[Date "2022.07.09"]
[Round "6.7"]
[White "Schoen, Florian"]
[Black "Dobierzin, Olaf"]
[Result "1/2-1/2"]
[WhiteElo "1643"]
[BlackElo "2007"]
[PlyCount "120"]
[EventDate "2021.10.10"]
[EventType "team-tourn"]
[EventRounds "11"]
[EventCountry "GER"]
[SourceTitle "EXT 2023"]
[Source "ChessBase"]
[SourceDate "2022.10.05"]
[SourceVersion "1"]
[SourceVersionDate "2022.10.05"]
[SourceQuality "1"]
[WhiteTeam "Leipzig VfB"]
[BlackTeam "Leipzig SG II"]
[WhiteTeamCountry "GER"]
[BlackTeamCountry "GER"]

1. e4 c5 2. Nc3 Nc6 3. Bb5 Nd4 4. f4 a6 5. Bd3 g6 6. a4 b6 7. Nf3 Bg7 8. 0-0 e6 9. Nxd4 cxd4 10. Ne2 Ne7 11. Qe1 0-0 12. Qf2 Nc6 13. e5 f6 14. Nxd4 fxe5 15. Nxc6 dxc6 16. Qe3 exf4 17. Rxf4 Rxf4 18. Qxf4 Ra7 19. Qe4 Qd6 20. c3 Rf7 21. b4 c5 22. Ba3 Bb7 23. Qe3 Qd5 24. Bf1 cxb4 25. Bxb4 Qc6 26. a5 bxa5 27. Rxa5 Rf5 28. Rxf5 gxf5 29. Qg5 Qd5 30. Qe7 h6 31. Qe8+ Kh7 32. Qf7 Kh8 33. Bf8 Bxf8 34. Qxf8+ Kh7 35. Qf7+ Kh8 36. Qg6 Qxd2 37. Qe8+ Kg7 38. Qe7+ Kg6 39. Qxb7 Qe3+ 40. Kh1 Qxc3 41. Qxa6 Qe1 42. Qe2 Qxe2 43. Bxe2 Kg5 44. Kg1 Kf4 45. Kf2 e5 46. Bd1 Kg5 47. Kg3 h5 48. Be2 h4+ 49. Kf3 Kf6 50. Bd1 Kg5 51. g3 Kf6 52. Bc2 Kg5 53. Bxf5 Kxf5 54. g4+ Kg5 55. h3 Kf6 56. Ke4 Ke6 57. g5 Kf7 58. Kf5 e4 59. Kxe4 Kg6 60. Kf4 Kh5 1/2-1/2

[Event "IBCA World-chT blind 9th"]
[Site "Ohrid"]
[Date "2022.07.07"]
[Round "9.5"]
[White "Dobierzin, Olaf"]
[Black "Casadei, Marco"]
[Result "1/2-1/2"]
[WhiteElo "2007"]
[BlackElo "1987"]
[PlyCount "39"]
[EventDate "2022.06.28"]
[EventType "team-swiss"]
[EventRounds "9"]
[EventCountry "MKD"]
[SourceTitle "EXT 2024"]
[Source "ChessBase"]
[SourceDate "2023.10.10"]
[SourceVersion "1"]
[SourceVersionDate "2023.10.10"]
[SourceQuality "1"]
[WhiteTeam "Germany"]
[BlackTeam "Italy"]
[WhiteTeamCountry "GER"]
[BlackTeamCountry "ITA"]

1. e4 c5 2. Nf3 d6 3. d4 cxd4 4. Nxd4 Nf6 5. Nc3 g6 6. Be3 Bg7 7. Be2 0-0 8. 0-0 Nc6 9. Qd2 d5 10. Rfd1 Nxd4 11. Qxd4 Nxe4 12. Qxd5 Qxd5 13. Nxd5 Bxb2 14. Nxe7+ Kg7 15. Rab1 Bf6 16. Nd5 Be6 17. Nxf6 Nc3 18. Nd7 Nxe2+ 19. Kf1 Bc4 20. Ke1 1/2-1/2

[Event "IBCA World-chT blind 9th"]
[Site "Ohrid"]
[Date "2022.07.04"]
[Round "7.3"]
[White "Dobierzin, Olaf"]
[Black "Casadei, Marco"]
[Result "0-1"]
[WhiteElo "2007"]
[BlackElo "1987"]
[PlyCount "70"]
[EventDate "2022.06.28"]
[EventType "team-swiss"]
[EventRounds "9"]
[EventCountry "MKD"]
[SourceTitle "EXT 2024"]
[Source "ChessBase"]
[SourceDate "2023.10.10"]
[SourceVersion "1"]
[SourceVersionDate "2023.10.10"]
[SourceQuality "1"]
[WhiteTeam "Germany"]
[BlackTeam "Italy"]
[WhiteTeamCountry "GER"]
[BlackTeamCountry "ITA"]

1. e4 c5 2. Nf3 d6 3. d4 cxd4 4. Nxd4 Nf6 5. Nc3 g6 6. Be3 Bg7 7. f3 Nc6 8. Qd2 0-0 9. 0-0-0 d5 10. Qe1 e5 11. Nxc6 bxc6 12. exd5 Nxd5 13. Bc4 Be6 14. g4 Qf6 15. Nxd5 cxd5 16. Bxd5 Bxd5 17. Rxd5 Qxf3 18. Ra5 Qxg4 19. Bxa7 Rfc8 20. Bc5 Rxa5 21. Qxa5 Qc4 22. b4 Bf8 23. Rd1 Bxc5 24. bxc5 Rxc5 25. Rd8+ Kg7 26. Qd2 Qxa2 27. Qd3 Qa1+ 28. Kd2 Qa5+ 29. Kd1 Qa1+ 30. Kd2 Qg1 31. Qd6 Qf2+ 32. Kd1 Qxc2+ 33. Ke1 Qc1+ 34. Ke2 Rc2+ 35. Kf3 Qf4# 0-1

[Event "IBCA World-chT blind 9th"]
[Site "Ohrid"]
[Date "2022.07.03"]
[Round "6.3"]
[White "Dobierzin, Olaf"]
[Black "Selkovski, Zarko"]
[Result "1/2-1/2"]
[WhiteElo "2007"]
[BlackElo "1967"]
[PlyCount "58"]
[EventDate "2022.06.28"]
[EventType "team-swiss"]
[EventRounds "9"]
[EventCountry "MKD"]
[SourceTitle "EXT 2024"]
[Source "ChessBase"]
[SourceDate "2023.10.10"]
[SourceVersion "1"]
[SourceVersionDate "2023.10.10"]
[SourceQuality "1"]
[WhiteTeam "Germany"]
[BlackTeam "Macedonia"]
[WhiteTeamCountry "GER"]
[BlackTeamCountry "MKD"]

1. e4 c5 2. Nf3 e6 3. d4 cxd4 4. Nxd4 a6 5. Nc3 Qc7 6. Bd3 Nf6 7. 0-0 d6 8. Qe2 Nbd7 9. Kh1 Be7 10. f4 0-0 11. a4 b6 12. Bd2 Bb7 13. Rae1 Nc5 14. e5 Nxd3 15. cxd3 Nd7 16. Nf3 Rac8 17. Rc1 Qb8 18. d4 Qa8 19. Rce1 Bc6 20. b3 Qb7 21. exd6 Bxd6 22. Ne5 Nxe5 23. fxe5 Bb4 24. Ne4 Bxd2 25. Nxd2 b5 26. axb5 axb5 27. Rc1 Bd5 28. Kg1 Qa7 29. Qd3 Qb7 1/2-1/2

[Event "IBCA World-chT blind 9th"]
[Site "Ohrid"]
[Date "2022.06.29"]
[Round "2.4"]
[White "Dobierzin, Olaf"]
[Black "Jandric, Damjan"]
[Result "1-0"]
[WhiteElo "2007"]
[BlackElo "2145"]
[PlyCount "67"]
[EventDate "2022.06.28"]
[EventType "team-swiss"]
[EventRounds "9"]
[EventCountry "MKD"]
[SourceTitle "EXT 2024"]
[Source "ChessBase"]
[SourceDate "2023.10.10"]
[SourceVersion "1"]
[SourceVersionDate "2023.10.10"]
[SourceQuality "1"]
[WhiteTeam "Germany"]
[BlackTeam "Serbia"]
[WhiteTeamCountry "GER"]
[BlackTeamCountry "SRB"]

1. e4 c5 2. Nf3 d6 3. d4 cxd4 4. Nxd4 Nf6 5. Nc3 a6 6. Be2 e5 7. Nb3 Be7 8. 0-0 0-0 9. Be3 Be6 10. Qd2 Nbd7 11. a4 Rc8 12. a5 Ng4 13. Bxg4 Bxg4 14. Nd5 Nf6 15. Nxf6+ Bxf6 16. Qd3 Qc7 17. c3 Be6 18. Nd2 Qc6 19. Rfd1 Be7 20. Rac1 d5 21. exd5 Bxd5 22. f3 f5 23. c4 Be6 24. Qc3 Bf6 25. Qb4 Rfd8 26. b3 Rd3 27. Nf1 Rcd8 28. Re1 R8d7 29. Bc5 f4 30. Rc2 Bf5 31. Rd2 e4 32. fxe4 Bc3 33. exf5 Bxb4 34. Re8+ 1-0

[Event "GER-CupT 2122 prel5"]
[Site "Halle"]
[Date "2022.03.26"]
[Round "1.4"]
[White "Hoellmann, Ludger"]
[Black "Dobierzin, Olaf"]
[Result "1-0"]
[WhiteElo "2114"]
[BlackElo "2011"]
[PlyCount "61"]
[EventDate "2022.03.26"]
[EventType "team-k.o."]
[EventRounds "2"]
[EventCountry "GER"]
[SourceTitle "EXT 2023"]
[Source "ChessBase"]
[SourceDate "2022.10.05"]
[SourceVersion "1"]
[SourceVersionDate "2022.10.05"]
[SourceQuality "1"]
[WhiteTeam "Nordhorn Blanke"]
[BlackTeam "DBSB"]
[WhiteTeamCountry "GER"]
[BlackTeamCountry "GER"]

1. Nf3 c5 2. c4 Nc6 3. Nc3 g6 4. g3 Bg7 5. Bg2 e6 6. 0-0 d5 7. d3 Nge7 8. Bd2 0-0 9. a3 a6 10. Rb1 Rb8 11. Na4 b6 12. b4 cxb4 13. axb4 dxc4 14. dxc4 b5 15. cxb5 axb5 16. Nc5 Nd5 17. Qc2 Nd4 18. Nxd4 Bxd4 19. Rfd1 Qf6 20. e3 Be5 21. f4 Bd6 22. e4 Qd4+ 23. Kh1 Bxc5 24. Qxc5 Qxc5 25. bxc5 Ne7 26. Bc3 Nc6 27. Rd6 Bb7 28. Rxb5 Ba6 29. Rb6 Rfd8 30. Rxd8+ Rxd8 31. h3 1-0

[Event "Oberliga Ost-A 2122"]
[Site "Germany"]
[Date "2021.10.10"]
[Round "1.8"]
[White "Rausch, Stephan"]
[Black "Dobierzin, Olaf"]
[Result "1-0"]
[WhiteElo "2285"]
[BlackElo "2015"]
[PlyCount "79"]
[EventDate "2021.10.10"]
[EventType "team-tourn"]
[EventRounds "11"]
[EventCountry "GER"]
[SourceTitle "EXT 2023"]
[Source "ChessBase"]
[SourceDate "2022.10.05"]
[SourceVersion "1"]
[SourceVersionDate "2022.10.05"]
[SourceQuality "1"]
[WhiteTeam "Leipzig SG"]
[BlackTeam "Leipzig SG II"]
[WhiteTeamCountry "GER"]
[BlackTeamCountry "GER"]

1. d4 Nf6 2. c4 g6 3. Nc3 Bg7 4. e4 d6 5. f3 0-0 6. Be3 c6 7. Bd3 a6 8. Nge2 b5 9. b3 Nbd7 10. 0-0 e5 11. d5 cxd5 12. cxd5 Nb6 13. Rc1 Bd7 14. a4 b4 15. Nb1 a5 16. Nd2 Ne8 17. Bb5 f5 18. Kh1 Bxb5 19. axb5 Rb8 20. Qc2 fxe4 21. Nxe4 Nf6 22. Nxf6+ Bxf6 23. Qd3 Qd7 24. Ng3 Nc8 25. Rc6 Bd8 26. Ne4 Bb6 27. Bg5 Bd8 28. Bxd8 Qxd8 29. Rfc1 Na7 30. Rxd6 Qe7 31. Re6 Rbc8 32. Rd1 Qd7 33. b6 Nb5 34. Nf6+ Rxf6 35. Rxf6 Qd8 36. b7 Rb8 37. Qxb5 Qxf6 38. d6 Qd8 39. d7 Kf7 40. Qxe5 1-0

[Event "GER Cup final"]
[Site "Magdeburg"]
[Date "2020.08.21"]
[Round "4"]
[White "Dobierzin, Olaf"]
[Black "Hinrichs, Paul"]
[Result "0-1"]
[WhiteElo "2031"]
[BlackElo "2169"]
[PlyCount "56"]
[EventDate "2020.08.20"]
[EventType "swiss"]
[EventRounds "5"]
[EventCountry "GER"]
[SourceTitle "EXT 2022"]
[Source "ChessBase"]
[SourceDate "2021.10.06"]
[SourceVersion "1"]
[SourceVersionDate "2021.10.06"]
[SourceQuality "1"]

1. e4 e5 2. Nf3 Nc6 3. Bb5 a6 4. Ba4 Nf6 5. 0-0 Be7 6. Re1 b5 7. Bb3 d6 8. c3 0-0 9. h3 Na5 10. Bc2 c5 11. d4 Qc7 12. Nbd2 Be6 13. Nf1 Nc4 14. b3 Nb6 15. Ne3 c4 16. b4 a5 17. Ba3 d5 18. dxe5 Nxe4 19. Qd4 f5 20. Reb1 Rfd8 21. Bc1 axb4 22. cxb4 Nc8 23. a3 Na7 24. Nd1 Nc6 25. Qb2 d4 26. Bxe4 fxe4 27. Ng5 Qxe5 28. Bf4 Qf5 0-1

[Event "Bad Woerishofen op 36th"]
[Site "Bad Woerishofen"]
[Date "2020.03.13"]
[Round "8"]
[White "Dobierzin, Olaf"]
[Black "Schoebel Kroehn, Lucas"]
[Result "0-1"]
[WhiteElo "2044"]
[BlackElo "1965"]
[PlyCount "68"]
[EventDate "2020.03.06"]
[EventType "swiss"]
[EventRounds "9"]
[EventCountry "GER"]
[SourceTitle "CBM 195 Extra"]
[Source "ChessBase"]
[SourceDate "2020.05.31"]
[SourceVersion "1"]
[SourceVersionDate "2020.05.31"]
[SourceQuality "1"]

1. e4 c5 2. Nf3 Nc6 3. d4 cxd4 4. Nxd4 g6 5. c4 Nf6 6. Nc3 Nxd4 7. Qxd4 d6 8. Be3 Bg7 9. Be2 0-0 10. Qd2 a5 11. 0-0 a4 12. h3 Bd7 13. f4 Qa5 14. e5 dxe5 15. fxe5 Qxe5 16. Bf3 Bc6 17. Rac1 Bxf3 18. Rxf3 Ne4 19. Nxe4 Qxe4 20. Qf2 Qe5 21. b3 axb3 22. axb3 Ra1 23. Rxa1 Qxa1+ 24. Kh2 Be5+ 25. g3 Bf6 26. Bc5 Ra8 27. Rd3 Qb1 28. Re3 Ra2 29. Re2 Ra1 30. Qg2 Qxb3 31. Bxe7 Bd4 32. Qd5 Bg1+ 33. Kg2 Bb6 34. Bf6 Rg1+ 0-1

[Event "Bad Woerishofen op 36th"]
[Site "Bad Woerishofen"]
[Date "2020.03.06"]
[Round "1"]
[White "Akash, G."]
[Black "Dobierzin, Olaf"]
[Result "1-0"]
[WhiteElo "2487"]
[BlackElo "2044"]
[PlyCount "89"]
[EventDate "2020.03.06"]
[EventType "swiss"]
[EventRounds "9"]
[EventCountry "GER"]
[SourceTitle "CBM 195 Extra"]
[Source "ChessBase"]
[SourceDate "2020.05.31"]
[SourceVersion "1"]
[SourceVersionDate "2020.05.31"]
[SourceQuality "1"]

1. e4 c5 2. Nf3 d6 3. d4 cxd4 4. Nxd4 Nf6 5. Nc3 Nc6 6. Bc4 Qb6 7. Nb3 a6 8. 0-0 e6 9. a4 Qc7 10. Kh1 b6 11. f4 Be7 12. Be2 Bb7 13. Be3 0-0 14. Bf3 Na5 15. Nd4 Nc4 16. Bc1 Rac8 17. Re1 Rfd8 18. Qe2 Qb8 19. b3 Na5 20. Bb2 Qa8 21. Rad1 Nc6 22. Qf2 Nd7 23. Nxc6 Bxc6 24. Nd5 Bf8 25. Nxb6 Nxb6 26. Qxb6 d5 27. exd5 Bxd5 28. Bxd5 Rxd5 29. Qf2 Qc6 30. Rxd5 Qxd5 31. h3 Qf5 32. Re2 Qd5 33. Rd2 Qe4 34. Kh2 Qc6 35. Qg3 Qe4 36. Be5 h6 37. c4 Kh7 38. Rd7 Qg6 39. Qxg6+ Kxg6 40. Kg3 f6 41. Bc7 Bc5 42. a5 Bb4 43. Kf3 Kh7 44. Ke4 Kg8 45. Kd4 1-0

[Event "Erfurt op-A 29th"]
[Site "Erfurt"]
[Date "2019.12.29"]
[Round "7"]
[White "Guenther, Thomas"]
[Black "Dobierzin, Olaf"]
[Result "1-0"]
[WhiteElo "1980"]
[BlackElo "2056"]
[PlyCount "99"]
[EventDate "2019.12.26"]
[EventType "swiss"]
[EventRounds "8"]
[EventCountry "GER"]
[SourceTitle "CBM 194 Extra"]
[Source "ChessBase"]
[SourceDate "2020.03.31"]
[SourceVersion "1"]
[SourceVersionDate "2020.03.31"]
[SourceQuality "1"]

1. Nf3 Nf6 2. e3 g6 3. b3 Bg7 4. Bb2 0-0 5. d4 d6 6. Nbd2 Nbd7 7. c4 e5 8. dxe5 Ng4 9. Qc2 Ngxe5 10. Nd4 Re8 11. Be2 a6 12. 0-0 Qe7 13. Kh1 Nc5 14. b4 Ne6 15. N4b3 f5 16. Nf3 Nxf3 17. Bxf3 Ng5 18. Bd5+ Kh8 19. Bxg7+ Qxg7 20. b5 Ne4 21. a4 Nc3 22. Bf3 Ne4 23. Be2 axb5 24. cxb5 Nc3 25. Bd3 Rxa4 26. Rxa4 Nxa4 27. Rc1 Re7 28. Ra1 Nb6 29. Ra7 Be6 30. h3 Bd5 31. Na5 Qa1+ 32. Kh2 Qe5+ 33. Kg1 Kg7 34. Nc4 Nxc4 35. Bxc4 Be4 36. Qb3 d5 37. Bf1 d4 38. Ra8 Bd5 39. exd4 Qxd4 40. Qa3 Qe5 41. Rd8 Kf7 42. Qa8 Kg7 43. Qa3 Kh6 44. Rxd5 Qxd5 45. Qxe7 c5 46. Qe3+ Kg7 47. Qf4 Kf6 48. h4 Kg7 49. Bc4 Qd1+ 50. Kh2 1-0

[Event "Erfurt op-A 29th"]
[Site "Erfurt"]
[Date "2019.12.27"]
[Round "3"]
[White "Weishaeutel, Moritz"]
[Black "Dobierzin, Olaf"]
[Result "1/2-1/2"]
[WhiteElo "2231"]
[BlackElo "2056"]
[PlyCount "84"]
[EventDate "2019.12.26"]
[EventType "swiss"]
[EventRounds "8"]
[EventCountry "GER"]
[SourceTitle "CBM 194 Extra"]
[Source "ChessBase"]
[SourceDate "2020.03.31"]
[SourceVersion "1"]
[SourceVersionDate "2020.03.31"]
[SourceQuality "1"]

1. e4 c5 2. Nf3 d6 3. d4 cxd4 4. Nxd4 Nf6 5. Nc3 Nc6 6. Bg5 e6 7. Qd2 a6 8. 0-0-0 Bd7 9. f4 b5 10. Bxf6 gxf6 11. Kb1 Qb6 12. Nxc6 Bxc6 13. Qe1 0-0-0 14. Qh4 Be7 15. Qh5 Rdf8 16. Bd3 Qc5 17. f5 Kb7 18. Qe2 Ka7 19. Nd5 Bxd5 20. exd5 e5 21. Be4 h5 22. Rd3 b4 23. c3 Rb8 24. cxb4 Rxb4 25. Rc1 Rc4 26. Rdc3 Rxc3 27. Rxc3 Qa5 28. Rc6 Rb8 29. a3 Rb7 30. Bd3 Rb6 31. Qe3 Kb7 32. b4 Bd8 33. Qxb6+ Qxb6 34. Rxb6+ Bxb6 35. Be2 h4 36. Bh5 Bg1 37. h3 Kb6 38. Kc2 a5 39. Bxf7 axb4 40. axb4 Bf2 41. Be8 Be1 42. Kb3 Bd2 1/2-1/2

[Event "Erfurt op-A 29th"]
[Site "Erfurt"]
[Date "2019.12.26"]
[Round "1"]
[White "Langheinrich, Ferenc"]
[Black "Dobierzin, Olaf"]
[Result "1/2-1/2"]
[WhiteElo "2378"]
[BlackElo "2056"]
[PlyCount "83"]
[EventDate "2019.12.26"]
[EventType "swiss"]
[EventRounds "8"]
[EventCountry "GER"]
[SourceTitle "CBM 194 Extra"]
[Source "ChessBase"]
[SourceDate "2020.03.31"]
[SourceVersion "1"]
[SourceVersionDate "2020.03.31"]
[SourceQuality "1"]

1. e4 c5 2. Nf3 d6 3. Bb5+ Bd7 4. c4 Nc6 5. Nc3 Nf6 6. 0-0 g6 7. d3 Bg7 8. h3 0-0 9. Bg5 a6 10. Bxc6 Bxc6 11. Qd2 b5 12. b3 b4 13. Ne2 a5 14. a4 Nd7 15. Rad1 Re8 16. Nh2 Nf8 17. Bh6 Ne6 18. Bxg7 Kxg7 19. Qb2+ f6 20. f4 Nf8 21. f5 g5 22. h4 h6 23. hxg5 hxg5 24. Ng4 Nd7 25. Ng3 Rh8 26. Ne3 Ne5 27. Kf2 Qb6 28. Qe2 Rh4 29. Nh5+ Kf7 30. Rh1 Rxh1 31. Rxh1 Rh8 32. Rh3 Qd8 33. Ke1 Bb7 34. Kd2 Bc6 35. Kc2 Bb7 36. Qd1 Ba6 37. Kd2 Bb7 38. Kc2 Bc6 39. Qh1 Qf8 40. g4 Bb7 41. Kd2 Bc6 42. Kc2 1/2-1/2

[Event "IBCA EU-chT blind 2nd"]
[Site "Calimanesti"]
[Date "2019.10.12"]
[Round "8.3"]
[White "Dobierzin, Olaf"]
[Black "Suslov, Evgeniy"]
[Result "1/2-1/2"]
[WhiteElo "2065"]
[BlackElo "2236"]
[PlyCount "79"]
[EventDate "2019.10.05"]
[EventType "team-swiss"]
[EventRounds "9"]
[EventCountry "ROU"]
[SourceTitle "CBM 192 Extra"]
[Source "Chessbase"]
[SourceDate "2019.11.06"]
[SourceVersion "1"]
[SourceVersionDate "2019.11.06"]
[SourceQuality "1"]
[WhiteTeam "Germany"]
[BlackTeam "Russia"]
[WhiteTeamCountry "GER"]
[BlackTeamCountry "RUS"]

1. e4 d6 2. d4 Nf6 3. Nc3 e5 4. Nf3 exd4 5. Nxd4 Be7 6. Bc4 0-0 7. 0-0 Nc6 8. Bf4 Ne5 9. Be2 Re8 10. h3 Bf8 11. Bg3 Bd7 12. f4 Nc6 13. Bf3 Nxd4 14. Qxd4 Bc6 15. Rad1 Nd7 16. Kh1 Be7 17. e5 Bxf3 18. Rxf3 Nb6 19. f5 dxe5 20. Bxe5 Qxd4 21. Bxd4 Rad8 22. Rfd3 Nc8 23. f6 Bxf6 24. Bxf6 Rxd3 25. Rxd3 gxf6 26. Rd7 Re1+ 27. Kh2 Nd6 28. Rxc7 Kf8 29. Nd5 f5 30. Kg3 Rd1 31. Ne3 Rd2 32. Kf4 Ke8 33. Ke5 Kd8 34. Rc3 f6+ 35. Ke6 f4 36. Nd5 Ne4 37. Rc4 Ng5+ 38. Kd6 Nf7+ 39. Ke6 Ng5+ 40. Kd6 1/2-1/2

[Event "IBCA EU-chT blind 2nd"]
[Site "Calimanesti"]
[Date "2019.10.11"]
[Round "7.2"]
[White "Dobierzin, Olaf"]
[Black "Gundogmus, Alaetin"]
[Result "1-0"]
[WhiteElo "2065"]
[BlackElo "1576"]
[PlyCount "109"]
[EventDate "2019.10.05"]
[EventType "team-swiss"]
[EventRounds "9"]
[EventCountry "ROU"]
[SourceTitle "CBM 192 Extra"]
[Source "Chessbase"]
[SourceDate "2019.11.06"]
[SourceVersion "1"]
[SourceVersionDate "2019.11.06"]
[SourceQuality "1"]
[WhiteTeam "Germany"]
[BlackTeam "Netherlands"]
[WhiteTeamCountry "GER"]
[BlackTeamCountry "NED"]

1. e4 c5 2. Nf3 Nc6 3. d4 cxd4 4. Nxd4 g6 5. c4 Bg7 6. Be3 d6 7. Nc3 a6 8. Be2 Nf6 9. 0-0 0-0 10. h3 Nd7 11. Qd2 Nxd4 12. Bxd4 Bxd4 13. Qxd4 Ne5 14. Nd5 Be6 15. Nb6 Rb8 16. Rfd1 Qc7 17. Nd5 Bxd5 18. cxd5 Qc5 19. Qxc5 dxc5 20. Rac1 b6 21. a4 a5 22. Bb5 f6 23. d6 exd6 24. Rxd6 Kg7 25. Rcd1 g5 26. f3 h5 27. Kf2 h4 28. Ke3 Ng6 29. Rd7+ Rf7 30. Bc4 Rxd7 31. Rxd7+ Kh6 32. Be6 Nf4 33. Bf5 Rh8 34. Rf7 Nxg2+ 35. Kf2 Nf4 36. Rxf6+ Kg7 37. Rxb6 Rd8 38. Ke1 Rd4 39. b3 Rd3 40. Kf2 Rc3 41. e5 Kf7 42. Rb7+ Ke8 43. e6 c4 44. bxc4 Rxc4 45. e7 Rb4 46. Ra7 Rb2+ 47. Kf1 Re2 48. Bd7+ Kf7 49. e8Q+ Rxe8 50. Bxe8+ Kxe8 51. Rxa5 Nxh3 52. Kg2 Nf4+ 53. Kh2 Ne6 54. Re5 Kd7 55. a5 1-0